000 01464cam a2200337 4500
008 030717n2003 000 0 eng u
020 _a0860226182
035 _a(Sirsi) u123041
041 _aeng
050 _a697
_c18
100 _aRace, Guy Lawrence
245 2 _aA practical guide to HVAC building services calculations
260 _aBracknell
_bBSRIA
_c2003
300 _a108p.
_c30cm.
350 _a60
490 _aBSRIA Building Guide
_vBG 30/2003
520 _aContains practical methodologies for a range of calculations used in the design of heating ventilating and air conditioning (HVAC) building services systems. Calculation sheets are provided in four sections covering heating loads and plant, cooling loads and plant, water flow distribution systems and air flow distribution systems.
650 _aBUILT ENVIRONMENT-BUILDING ELEMENTS-COMPLETE BUILDING SERVICES ELEMENTS-COMPLETE HEATING, VENTILATION AND AIR CONDITIONING SYSTEMS
650 _aHVAC ENGINEERING
650 _aVENTILATION
650 _aHEATING
650 _aCALCULATIONS
650 _aBlock management
_96220
690 _aBlock management
_96220
700 _aMitchell, Sally
710 _aUnited Kingdom
_bDepartment of Trade and Industry
710 _aChartered Institution of Building Services Engineers
_92360
710 _aBuilding Services Research and Information Association
710 _aAssociation of Consulting Engineers
_91225
942 _n0
999 _c102985
_d102985